Statystyki dla top 10 piosenek white 2115 (2022-2020)

Kliknij tutaj aby rozwiązać quiz!

Ogólne statystyki

  • Ten quiz został rozwiązany 368 razy
  • Średni wynik to 5 z 9

Statystyki odpowiedzi

HintOdpowiedź% Poprawnych
103 mlncalifornia
98%
32 mlnmorgan
73%
48 mlnmogę dziś umierać
72%
2,7 mlnriri
63%
36 mlnla vida loca
54%
5,1 mln18
51%
20 mlnrockstar
50%
17 mlndo zachodu słońca
42%
22 mlnpałac
41%

Rozkład punktacji

Percentyl według liczby udzielonych odpowiedzi

Procent ludzi z każdym wynikiem

Twoja historia wyników

Nie rozwiązałeś tego quizu